000 00796nam a2200205 a 4500
003 0
005 20250421122649.0
008 970111s19uu xx 00 eng d
050 _aPGS HQ 784.P6
_b.Sa237 2003
100 _aSantos, Lawrence L.
245 _aThe effect of cellular phones on the grade six students of Southville International School /
_cLawrence L. Santos.
260 _aLas PiƱas City, Philippines :
_bSouthville International School and Colleges,
_c2003.
300 _a22 pages :
_bcolored illustrations ;
_c28 cm.
504 _aIncludes bibliographic references.
650 _aCell phones
_vHealth aspects.
650 _aCell phones and children.
650 _aAcademic achievement
_vPsychological aspects.
650 _aTechnology and youth.
942 _2lcc
_cPASS
999 _c96920
_d96920